000 00366nam a2200157Ia 4500
008 230524s9999 xx 000 0 und d
082 _a401
_bKHE
100 _aShiv Khera
245 0 _aYou Can Win
250 _a1ST
260 _aNEW DELHI
_bMacmillan
_c2000
300 _aXII;269
500 _aQuantity Number: 3
650 _aMiscellaneous
_91877
942 _cBK
999 _c50685
_d50685